<?xml version="1.0" encoding="UTF-8"?><?xml-stylesheet type="text/xsl" href="static/style.xsl"?><OAI-PMH xmlns="http://www.openarchives.org/OAI/2.0/" xmlns:xsi="http://www.w3.org/2001/XMLSchema-instance" xsi:schemaLocation="http://www.openarchives.org/OAI/2.0/ http://www.openarchives.org/OAI/2.0/OAI-PMH.xsd"><responseDate>2026-06-02T00:41:49Z</responseDate><request verb="GetRecord" identifier="oai:riuma.uma.es:10630/39299" metadataPrefix="marc">https://riuma.uma.es/rest/oai/request</request><GetRecord><record><header><identifier>oai:riuma.uma.es:10630/39299</identifier><datestamp>2026-02-03T11:37:12Z</datestamp><setSpec>com_10630_2254</setSpec><setSpec>col_10630_20092</setSpec></header><metadata><record xmlns="http://www.loc.gov/MARC21/slim" xmlns:dcterms="http://purl.org/dc/terms/" xmlns:doc="http://www.lyncode.com/xoai" xmlns:xsi="http://www.w3.org/2001/XMLSchema-instance" xsi:schemaLocation="http://www.loc.gov/MARC21/slim http://www.loc.gov/standards/marcxml/schema/MARC21slim.xsd">
   <leader>00925njm 22002777a 4500</leader>
   <datafield ind2=" " ind1=" " tag="042">
      <subfield code="a">dc</subfield>
   </datafield>
   <datafield ind2=" " ind1=" " tag="720">
      <subfield code="a">Mérida-López, Sergio</subfield>
      <subfield code="e">author</subfield>
   </datafield>
   <datafield ind2=" " ind1=" " tag="720">
      <subfield code="a">Pekaar, Keri A.</subfield>
      <subfield code="e">author</subfield>
   </datafield>
   <datafield ind2=" " ind1=" " tag="720">
      <subfield code="a">Luque-Reca, Octavio</subfield>
      <subfield code="e">author</subfield>
   </datafield>
   <datafield ind2=" " ind1=" " tag="720">
      <subfield code="a">Extremera-Pacheco, Natalio</subfield>
      <subfield code="e">author</subfield>
   </datafield>
   <datafield ind2=" " ind1=" " tag="260">
      <subfield code="c">2025</subfield>
   </datafield>
   <datafield ind2=" " ind1=" " tag="520">
      <subfield code="a">This multi-study investigation examined what magnitude of personal resources people need to flourish in their personal life and at work. We specifically looked at the interplay between emotional intelligence (EI) and core self-evaluations (CSE) in relation to flourishing, happiness, and work engagement. Guided by job demands-resources theory, this investigation was conducted through two separate studies (Ns1 = 391; Ns2 = 703) using path analysis with Spanish employees. Study 1 revealed that EI moderated the positive relationship between CSE and flourishing and work engagement so that this relationship was weaker among employees high (vs. low) in EI. Study 2 replicated this pattern for the relationships with happiness and work engagement. Facet-level analyses revealed that use of emotions was driving the moderation on flourishing in Study 1, whereas other-emotion appraisal was driving the moderation on work engagement in Study 2. Overall, these findings suggest that individuals low in CSE might benefit from higher levels of EI to enhance their flourishing. Implications for improving well-being through the development of personal resources are discussed.</subfield>
   </datafield>
   <datafield ind1="8" ind2=" " tag="024">
      <subfield code="a">https://hdl.handle.net/10630/39299</subfield>
   </datafield>
   <datafield ind1="8" ind2=" " tag="024">
      <subfield code="a">10.24310/riuma.39299</subfield>
   </datafield>
   <datafield tag="653" ind2=" " ind1=" ">
      <subfield code="a">Inteligencia emocional</subfield>
   </datafield>
   <datafield tag="653" ind2=" " ind1=" ">
      <subfield code="a">Autoconcepto</subfield>
   </datafield>
   <datafield tag="653" ind2=" " ind1=" ">
      <subfield code="a">Psicología positiva</subfield>
   </datafield>
   <datafield ind2="0" ind1="0" tag="245">
      <subfield code="a">Dataset for: All resources lead to Rome: A multi-study investigation on the complementary association of core self-evaluations and emotional intelligence on well-being</subfield>
   </datafield>
</record>
</metadata></record></GetRecord></OAI-PMH>